| 000 | 00823nam a2200253Ia 4500 | ||
|---|---|---|---|
| 999 |
_c55509 _d55509 |
||
| 001 | 22591 | ||
| 003 | GE_BSU | ||
| 005 | 20230331170351.0 | ||
| 008 | 181216s ||||-ge|||||||||||||| ||ger|| | ||
| 020 | _a9783126757850 | ||
| 040 | _cGE_BSU | ||
| 041 | _agre | ||
| 080 | _a811.112.1 F-11 | ||
| 100 |
_aFazlic-Walter, Ksenija _917409 |
||
| 245 |
_aMIT Erfolg Zum Testdaf : _bUbungs- Und Testbuch inklusive 2Audio -CDs / _cKsenija Fazlic-Walter, Wenger Wolfgang. |
||
| 264 |
_aStuttgard : _bErnst Klett Sprachen, _c2009. |
||
| 300 |
_a180 p. : _bill ; _c29 cm. _e+2CD-Rom TestDaf B2-C-1 |
||
| 541 | _h80gel. | ||
| 653 | _aMIT Erfolg Zum Testdaf | ||
| 653 | _aUbungs- Und Testbuch inklusive 2Audio -CDs | ||
| 653 | _aგერმანული ენა | ||
| 700 |
_aWolfgang, Wenger _eby _917410 |
||
| 942 |
_cBK _2udc |
||